[Event "Ciutat Barcelona CAT-ARG 2018"]
[Site "Barcelona"]
[Date "2018.10.14"]
[Round "10"]
[White "Mareco, Sandro"]
[Black "Diaz Camallonga, Carles"]
[Result "1/2-1/2"]
[WhiteElo "2653"]
[BlackElo "2444"]
[Annotator "TA"]
[PlyCount "76"]
[EventDate "2018.10.08"]
[EventCountry "ESP"]
[SourceTitle "playchess.com"]
[Source "ChessBase"]
[SourceQuality "1"]

{[%evp 9,76,5,9,5,12,0,0,-10,-3,-13,-13,-10,6,0,14,0,3,0,0,0,16,0,16,16,35,23,58,31,118,118,129,38,41,26,40,23,48,37,27,20,150,156,145,149,158,172,216,153,211,184,282,282,277,260,249,178,180,164,206,0,0,0,0,0,0,0,0,0,0]} 1. c4 e6 2. Nf3 Nf6 3. b3 d5 4. Bb2 Bd6 5. e3 O-O 6. d4 {A13: English Opening: 1...e6} (6. Nc3 c5 7. cxd5 exd5 8. d4 cxd4 9. Nxd4 Nc6 10. Be2 Nxd4 11. Qxd4 Re8 12. Rd1 Be5 13. Qd2 Bf5 {½-½ (31) Mareco,S (2649)-Adams,M (2712) Batumi 2018}) 6... b6 7. Nc3 Bb7 8. cxd5 exd5 9. g3 Nbd7 10. Bg2 a6 $146 ({Predecessor:} 10... Ba6 11. Bf1 Bxf1 12. Kxf1 c6 13. Kg2 Qe7 {0-1 (43) Ventura Bolet,M (2228)-Schroeder,J (2539) Barcelona 2017}) 11. O-O Re8 12. Rc1 Qe7 13. Ne2 {[%cal Bc3e2,Be2f4,Bf4d3][%mdl 32]} Ne4 14. Nf4 Rac8 15. Rc2 g6 16. Qe2 h5 17. Nd3 f6 18. Rfc1 Kh7 (18... Qh7 $14) 19. Nf4 $16 Qf7 {[#]} 20. Nd2 ({White should try} 20. Nh4 $1 $16 {[%cal Rh4g6]} Bxf4 21. gxf4) 20... Nxd2 $14 21. Qxd2 f5 22. Nd3 Qe7 23. Bc3 a5 $1 24. b4 {[%cal Bb3b4,Bb4b5][%mdl 32]} a4 (24... axb4 $11 {remains equal.} 25. Bxb4 c5 26. dxc5 bxc5) 25. b5 $16 Nf6 26. Bb4 Ne4 27. Bxd6 cxd6 28. Qb4 Rxc2 (28... h4 $16 29. Rxc8 (29. Qxa4 Rc4 $16) 29... Rxc8) 29. Rxc2 $18 Ra8 (29... h4 $142 30. Qxa4 hxg3) 30. h4 Qd7 31. Nb2 Rc8 32. Rxc8 Qxc8 33. Bxe4 $1 ({Not} 33. Nxa4 Qc1+ 34. Kh2 Nxf2 $11) 33... fxe4 34. Nxa4 $2 ({White should play} 34. Qxd6 $18 Qc1+ 35. Kg2) 34... Qc1+ $1 $11 {The position is equal.} 35. Kg2 Bc8 $1 {[%cal Rc8h3] [#] ( -> ...Bh3+!)} 36. Qxd6 Bh3+ 37. Kh2 Qf1 {[%csl Gh3][%cal Rf1g2]} 38. Qe7+ Kh6 {Precision: White = 46%, Black = 50%.} 1/2-1/2

[Event "Ciutat Barcelona CAT-ARG 2018"]
[Site "Barcelona"]
[Date "2018.10.14"]
[Round "10"]
[White "Lopez Martinez, Josep Manuel"]
[Black "Peralta, Fernando"]
[Result "1-0"]
[WhiteElo "2581"]
[BlackElo "2582"]
[Annotator "TA"]
[PlyCount "88"]
[EventDate "2018.10.08"]
[EventCountry "ESP"]
[SourceTitle "playchess.com"]
[Source "ChessBase"]
[SourceQuality "1"]

{[%evp 17,88,0,0,0,0,0,0,0,11,0,9,3,7,26,20,0,0,0,35,0,0,-80,-88,-77,-21,-20,87,60,61,47,93,112,80,136,143,85,108,121,112,109,127,146,125,87,89,107,146,0,0,0,76,85,107,106,88,119,122,0,106,102,106,30,0,-43,0,0,0,0,0,0,0,-60,-6]} 1. d4 Nf6 2. c4 e6 3. Nc3 Bb4 4. Qc2 O-O 5. Nf3 d6 6. Bd2 c5 7. a3 {E32: Nimzo-Indian: Classical (4 Qc2): 4...0-0} (7. dxc5 Bxc5 8. e3 Nc6 9. a3 a6 10. Bd3 Ba7 11. O-O h6 12. h3 Qe7 13. Rad1 Bd7 14. Rfe1 Rac8 {0-1 (39) Nihal,S (2551)-Jakovenko,D (2749) Ankara 2018}) 7... Bxc3 8. Bxc3 cxd4 9. Nxd4 e5 {LiveBook: 6 Games} 10. Nf3 Nbd7 11. e3 b6 $146 ({Predecessor:} 11... Re8 12. Be2 b6 13. O-O Bb7 14. b4 {1-0 (48) Franke,C (2156)-Gonschior,M (2131) GER email 2011}) 12. Be2 Bb7 13. O-O Ne4 14. Rfd1 Qe7 15. Be1 f5 16. b4 Rf6 17. a4 {[%cal Ba3a4,Ba4a5][%mdl 32]} Rg6 18. a5 Ng5 $1 19. Kf1 (19. Nxg5 $1 $11 Qxg5 20. g3) 19... Nxf3 $17 20. Bxf3 Bxf3 (20... e4 $1 $17 {[%cal Re4f3]} 21. Be2 Ne5) 21. gxf3 $11 {And now axb6 would win.} Qh4 (21... Re8 $11) 22. Qxf5 Rf8 23. Qe4 $1 {[%cal Re4h4]} Qh3+ (23... Qxh2 $14 24. Ke2 Qh3) 24. Ke2 $16 {[%cal Bf1e2,Be2d2,Bd2c3][%mdl 32]} Nf6 {[#]} 25. Qc6 $1 Rg1 26. Rxd6 (26. axb6 $142 e4 27. Kd2 (27. bxa7 Qf1+ 28. Kd2 Qd3+ 29. Kc1 Rxe1 $11) (27. Rxd6 exf3+ 28. Kd2 Qf5 $14) (27. fxe4 Rc8 $11) 27... axb6 28. fxe4) 26... Rc8 27. Qb5 e4 {[#]} 28. f4 $1 Qf1+ 29. Kd2 bxa5 30. Rd4 axb4 31. Qxb4 h6 32. Qe7 (32. c5 $16) 32... Kh8 33. Qe6 Rb8 (33... Re8 $11 {keeps the balance.} 34. Qa6 Rb8) 34. Kc3 Qe2 {[%csl Gb8][%cal Re2b2]} 35. Rd2 Qf3 36. Qd6 Rc8 37. Qe6 (37. Qe7 $16) 37... Re8 (37... Rb8 $11) 38. Qf7 Rg8 39. Rad1 ({Better is} 39. Qxa7 $16 Qh1 40. Rdd1) 39... Qh1 40. Re2 Qxh2 41. c5 {[%cal Bc4c5,Bc5c6,Bc6c7][%mdl 32]} Qh3 42. c6 Rc8 43. c7 Kh7 {Strongly threatening ...Qf5.} 44. Rd8 ({White should try} 44. Rc2 $11) 44... Qf5 {[%mdl 32768] Precision: White = 69%, Black = 55%. . Loss on Time!?} (44... Qh5 $15 45. Qxh5 Rxc7+ 46. Kd4 Nxh5) 1-0

[Event "Ciutat Barcelona CAT-ARG 2018"]
[Site "Barcelona"]
[Date "2018.10.14"]
[Round "10"]
[White "Perez Ponsa, Federico"]
[Black "Asis Gargatagli, Hipolito"]
[Result "1-0"]
[WhiteElo "2554"]
[BlackElo "2526"]
[Annotator "RC"]
[PlyCount "181"]
[EventDate "2018.10.08"]
[EventCountry "ESP"]
[SourceTitle "playchess.com"]
[Source "ChessBase"]
[SourceQuality "1"]
[TimeControl "900+5"]

1. e4 {[%emt 0:00:00]} c5 {[%emt 0:00:07]} 2. Nf3 {[%emt 0:00:00]} d6 {[%emt 0:00:02]} 3. d4 {[%emt 0:00:09]} cxd4 {[%emt 0:00:02]} 4. Nxd4 {[%emt 0:00:01]} Nf6 {[%emt 0:00:02]} 5. Nc3 {[%emt 0:00:01]} a6 {[%emt 0:00:02]} 6. a3 {[%emt 0:00:02]} Nc6 {[%emt 0:00:50]} 7. Be2 {[%emt 0:00:07]} g6 {[%emt 0:00:55]} 8. Be3 {[%emt 0:00:03]} Bg7 {[%emt 0:00:05]} 9. Qd2 {[%emt 0:00:02]} O-O {[%emt 0:00:11]} 10. O-O-O Nxd4 {[%emt 0:02:20]} 11. Bxd4 {[%emt 0:00:04]} b5 {[%emt 0:00:02]} 12. h4 {[%emt 0:02:36]} Bb7 {[%emt 0:00:29]} 13. f3 {[%emt 0:00:06]} Rc8 {[%emt 0:00:19]} 14. h5 {[%emt 0:00:22]} e5 15. Be3 {[%emt 0:00:11]} Nxh5 {[%emt 0:00:25]} 16. Qxd6 Qxd6 {[%emt 0:01:48]} 17. Rxd6 {[%emt 0:01:14]} Ng3 {[%emt 0:00:03]} 18. Re1 {[%emt 0:00:09]} f5 {[%emt 0:00:17]} 19. Bd3 {[%emt 0:00:09]} fxe4 20. fxe4 {[%emt 0:00:21]} Rf7 {[%emt 0:00:34]} 21. Re6 {[%emt 0:01:54]} Rd7 {[%emt 0:00:27]} 22. Kb1 Kf7 {[%emt 0:00:41]} 23. Rb6 {[%emt 0:00:12]} Rc6 {[%emt 0:00:48]} 24. a4 {[%emt 0:00:09]} Rxb6 {[%emt 0:00:16]} 25. Bxb6 bxa4 {[%emt 0:00:51]} 26. Nxa4 {[%emt 0:00:12]} Bf8 {[%emt 0:00:12]} 27. Bc5 {[%emt 0:01:25]} Rc7 {[%emt 0:01:17]} 28. b4 {[%emt 0:02:24]} Bc8 {[%emt 0:02:52]} 29. Re3 {[%emt 0:00:26]} Nh5 {[%emt 0:00:02]} 30. Rf3+ {[%emt 0:00:06]} Nf4 {[%emt 0:00:01]} 31. g3 {[%emt 0:00:11]} g5 {[%emt 0:00:01]} 32. gxf4 {[%emt 0:00:58]} exf4 {[%emt 0:00:02]} 33. Bxf8 {[%emt 0:00:23]} Kxf8 {[%emt 0:00:02]} 34. c4 {[%emt 0:00:10]} Rf7 {[%emt 0:00:05]} 35. c5 {[%emt 0:00:37]} g4 {[%emt 0:00:06]} 36. Rf1 {[%emt 0:00:01]} g3 {[%emt 0:00:04]} 37. Be2 {[%emt 0:00:11]} Bh3 {[%emt 0:00:37]} 38. Rg1 {[%emt 0:01:28]} f3 {[%emt 0:00:03]} 39. Bxf3 {[%emt 0:00:22]} Rxf3 {[%emt 0:00:01]} 40. Kc2 {[%emt 0:00:01]} Bd7 {[%emt 0:00:40]} 41. Nc3 {[%emt 0:00:20]} h5 {[%emt 0:00:04]} 42. Kd2 {[%emt 0:00:20]} h4 {[%emt 0:00:09]} 43. Ne2 {[%emt 0:00:02]} Bb5 {[%emt 0:00:17]} 44. c6 {[%emt 0:00:09]} Rf2 {[%emt 0:00:12]} 45. c7 {[%emt 0:00:07]} Bd7 {[%emt 0:00:05]} 46. Ke3 {[%emt 0:00:05]} Rf7 {[%emt 0:00:02]} 47. Rh1 {[%emt 0:00:22]} h3 {[%emt 0:00:12]} 48. Nxg3 {[%emt 0:00:03]} Bc8 {[%emt 0:00:01]} 49. Rc1 {[%emt 0:00:29]} h2 {[%emt 0:00:01]} 50. Rh1 {[%emt 0:00:16]} Rh7 {[%emt 0:00:16]} 51. Nf1 {[%emt 0:00:05]} Rxc7 {[%emt 0:00:02]} 52. Rxh2 {[%emt 0:00:04]} Bb7 {[%emt 0:00:10]} 53. Nd2 {[%emt 0:00:07]} Rc3+ {[%emt 0:00:05]} 54. Kd4 {[%emt 0:00:01]} Rc2 {[%emt 0:00:01]} 55. e5 {[%emt 0:00:10]} Bc8 {[%emt 0:00:06]} 56. Rf2+ {[%emt 0:00:06]} Ke7 {[%emt 0:00:01]} 57. Kd3 {[%emt 0:00:01]} Rb2 {[%emt 0:00:02]} 58. Kc3 {[%emt 0:00:01]} Ra2 {[%emt 0:00:01]} 59. Rh2 {[%emt 0:00:06]} Bf5 {[%emt 0:00:02]} 60. Rf2 {[%emt 0:00:08]} Ke6 {[%emt 0:00:04]} 61. Re2 {[%emt 0:00:04]} Bg6 {[%emt 0:00:05]} 62. Rg2 {[%emt 0:00:07]} Bf5 63. Rh2 {[%emt 0:00:06]} Bg6 {[%emt 0:00:09]} 64. Rg2 {[%emt 0:00:07]} Bf5 {[%emt 0:00:02]} 65. Rf2 {[%emt 0:00:00]} Rc2+ {[%emt 0:00:06]} 66. Kd4 {[%emt 0:00:05]} Rb2 {[%emt 0:00:04]} 67. Kc3 {[%emt 0:00:07]} Rc2+ {[%emt 0:00:01]} 68. Kd4 {[%emt 0:00:00]} Rb2 69. Rh2 {[%emt 0:00:09]} Rxb4+ {[%emt 0:00:06]} 70. Nc4 Rxc4+ 71. Kxc4 {[%emt 0:00:06]} Kxe5 {[%emt 0:00:06]} 72. Kc5 {[%emt 0:00:03]} Bd3 {[%emt 0:00:10]} 73. Rh5+ {[%emt 0:00:12]} Kf6 {[%emt 0:00:12]} 74. Kd4 {[%emt 0:00:06]} Bg6 {[%emt 0:00:02]} 75. Ra5 {[%emt 0:00:03]} Kg7 {[%emt 0:00:01]} 76. Rxa6 {[%emt 0:00:01]} Bf7 {[%emt 0:00:04]} 77. Ke5 {[%emt 0:00:01]} Bg8 {[%emt 0:00:03]} 78. Ra7+ {[%emt 0:00:02]} Kh8 {[%emt 0:00:03]} 79. Kf6 {[%emt 0:00:01]} Bh7 {[%emt 0:00:01]} 80. Ra3 {[%emt 0:00:03]} Bg8 {[%emt 0:00:03]} 81. Rh3+ {[%emt 0:00:02]} Bh7 {[%emt 0:00:01]} 82. Rh1 {[%emt 0:00:03]} Kg8 {[%emt 0:00:02]} 83. Rc1 {[%emt 0:00:02]} Kh8 {[%emt 0:00:02]} 84. Rc8+ {[%emt 0:00:00]} Bg8 {[%emt 0:00:00]} 85. Rc7 {[%emt 0:00:06]} Bd5 {[%emt 0:00:14]} 86. Rg7 {[%emt 0:00:00]} Bg8 {[%emt 0:00:02]} 87. Rg5 {[%emt 0:00:06]} Be6 {[%emt 0:00:11]} 88. Kg6 {[%emt 0:00:07]} Kg8 {[%emt 0:00:02]} 89. Re5 {[%emt 0:00:01]} Bf7+ {[%emt 0:00:06]} 90. Kf6 {[%emt 0:00:04]} Kf8 {[%emt 0:00:01]} 91. Rb5 1-0

[Event "Ciutat Barcelona CAT-ARG 2018"]
[Site "Barcelona"]
[Date "2018.10.14"]
[Round "10"]
[White "Guerra Mendez, Jose Angel"]
[Black "Pichot, Alan"]
[Result "1/2-1/2"]
[WhiteElo "2534"]
[BlackElo "2556"]
[Annotator "TA"]
[PlyCount "91"]
[EventDate "2018.10.08"]
[EventCountry "ESP"]
[SourceTitle "playchess.com"]
[Source "ChessBase"]
[SourceQuality "1"]

{[%evp 9,91,10,10,2,6,0,0,-12,0,-8,-8,-23,0,-7,-8,-17,-7,-16,-24,-18,-14,-8,0,-10,0,-7,0,-21,-10,0,0,0,-14,-10,-10,-9,-3,-25,0,-21,0,-20,-4,-24,0,-5,-4,-4,-8,-9,-9,-10,-6,-12,-9,-10,0,0,0,0,0,0,0,0,6,4,14,0,0,0,0,0,9,0,9,0,0,0,10,0,0,0,8,0]} 1. e4 {[%cal Be2e4,Be4e5][%mdl 32]} c5 2. c3 Nf6 3. e5 Nd5 4. Nf3 Nc6 5. Bc4 e6 6. O-O {B22: Sicilian: 2 c3} d6 7. exd6 (7. d4 cxd4 8. cxd4 Be7 9. Qe2 O-O 10. Bd2 dxe5 11. dxe5 a6 12. Nc3 Nxc3 13. Bxc3 b5 14. Bd3 Bb7 15. Rfd1 Qb6 16. Bd2 Rfd8 17. Be3 {1-0 (44) Mamedov,R (2709)-Sjugirov,S (2650) Riadh 2017}) 7... Bxd6 8. d4 cxd4 9. Nxd4 O-O 10. Nf3 Nf6 11. Nbd2 $146 ({Predecessor:} 11. Bg5 Be7 12. Qc2 h6 13. Bh4 Qc7 14. Nbd2 Ne5 15. Nxe5 Qxe5 {½-½ (59) Wilcox,C (1552)-McIntosh,D (1304) West Bromwich 2003}) 11... b6 12. Qe2 Bb7 13. Ba6 Bxa6 14. Qxa6 Qc8 15. Qe2 Nd5 16. Nc4 Be7 17. Re1 Qc7 18. Bd2 b5 19. Nce5 Nxe5 20. Nxe5 Bd6 21. Nf3 Rab8 22. g3 Qc4 23. Ne5 Qc7 24. Rad1 Rfc8 25. a3 a5 26. Rc1 Nf6 27. Nf3 {The position is equal.} Qc4 28. Qxc4 Rxc4 29. Be3 Nd5 30. Bd4 Rbc8 31. Rcd1 R4c6 32. Nd2 Be7 33. f4 g6 34. Kf2 h5 35. Nf3 Bc5 (35... R6c7 {feels hotter.} 36. Nd2 h4 37. Kf3 Rd8 38. Nb3 Ra8) 36. Ne5 Bxd4+ 37. Rxd4 Rb6 38. Nd3 Rc4 39. Ree4 Rc8 40. Re2 Kg7 41. Ne5 Rb7 42. Nd3 Ne7 43. Ne5 Nd5 44. Nd3 Ne7 45. Ne5 Nd5 46. Nd3 {Precision: White = 46%, Black = 60%.} 1/2-1/2

[Event "Ciutat Barcelona CAT-ARG 2018"]
[Site "Barcelona"]
[Date "2018.10.14"]
[Round "10"]
[White "Krysa, Leandro"]
[Black "Alonso Rosell, Alvar"]
[Result "1-0"]
[WhiteElo "2503"]
[BlackElo "2526"]
[Annotator "TA"]
[PlyCount "55"]
[EventDate "2018.10.08"]
[EventCountry "ESP"]
[SourceTitle "playchess.com"]
[Source "ChessBase"]
[SourceQuality "1"]

{[%evp 12,55,47,43,26,21,31,5,8,13,93,92,110,114,93,64,48,60,48,51,75,79,110,58,69,43,121,128,210,201,213,220,608,570,570,553,544,542,550,539,685,700,724,717,709,683]} 1. d4 f5 2. c4 Nf6 3. Nf3 e6 4. g3 Be7 5. Bg2 O-O 6. O-O Ne4 7. Nc3 Nxc3 {A92: Classical Dutch: Classical Stonewall (with ...Be7): Early deviations} (7... Bf6 8. Qc2 Nxc3 9. bxc3 Nc6 10. e4 fxe4 11. Qxe4 b6 12. Ba3 Re8 13. Rfe1 Bb7 14. Qd3 d6 15. h4 Kh8 16. Re2 e5 17. Rae1 Na5 {½-½ (57) Zhigalko,A (2578)-Harshkou,M (2359) Minsk 2018}) 8. bxc3 Nc6 9. Qc2 Na5 $146 {The position is equal.} ({Predecessor:} 9... Bf6 10. e4 fxe4 11. Qxe4 b6 12. Ba3 Re8 13. Ne5 Bb7 14. Qe2 Na5 15. Bxb7 Nxb7 16. Qh5 Bxe5 17. Qxe5 Na5 {0-1 (44) Djoric,Z-Taylor,T (2280) Los Angeles 2004}) 10. Nd2 f4 (10... d5 $11) 11. c5 $16 fxg3 12. hxg3 d6 13. Qa4 Nc6 14. cxd6 cxd6 15. Rb1 Qe8 16. Ba3 a6 17. Ne4 (17. Rb6 $16) 17... Qd8 $14 18. e3 Qc7 (18... Ra7 $1 $14) 19. c4 $16 b5 (19... Rb8 $16) 20. cxb5 $18 axb5 21. Qxa8 Bd7 $2 {[#]} (21... Bb7 22. Qxf8+ Kxf8) 22. Qa6 {White is clearly winning.} Nb8 23. Bxd6 Nxa6 24. Bxc7 Nxc7 25. Rfc1 Bd8 26. Nc5 Be8 27. Nb7 Bg6 28. Rb3 {Precision: White = 65%, Black = 52%.} 1-0

[Event "Ciutat Barcelona CAT-ARG 2018"]
[Site "Barcelona"]
[Date "2018.10.14"]
[Round "11"]
[White "Lopez Martinez, Josep Manuel"]
[Black "Mareco, Sandro"]
[Result "0-1"]
[WhiteElo "2581"]
[BlackElo "2653"]
[Annotator "TA"]
[PlyCount "80"]
[EventDate "2018.10.08"]
[EventCountry "ESP"]
[SourceTitle "playchess.com"]
[Source "ChessBase"]
[SourceQuality "1"]

{[%evp 23,80,-15,0,-27,0,5,29,18,18,10,14,14,20,11,54,4,3,-9,7,0,-10,-6,-17,-22,10,-33,-21,-28,-22,-50,-20,-12,-5,-239,-83,-150,-104,-132,-115,-145,-115,-649,-643,-740,-730,-734,-723,-692,-687,-1119,-1103,-12835,-12836,-6528,-6026,-29986,-29987,-29988,-29989]} 1. d4 Nf6 2. c4 e6 3. Nc3 Bb4 4. Qc2 O-O 5. Nf3 b6 6. Bg5 Bb7 7. e3 h6 8. Bh4 d6 {E13: Queen's Indian/Nimzo-Indian hybrid: 4 Nc3 Bb7 5 Bg5 h6 6 Bh4 Bb4} (8... g5 9. Bg3 Ne4 10. Nd2 Bxc3 11. bxc3 Nxg3 12. hxg3 Kg7 13. e4 c5 14. d5 f5 15. O-O-O Qf6 16. Bd3 {½-½ (34) Erdos,V (2618)-Hracek,Z (2636) Calimanesti 2014}) 9. Nd2 Nbd7 10. f3 c5 11. a3 Bxc3 12. Qxc3 Rc8 $146 {LiveBook: 21 Games} ({Predecessor:} 12... Qc7 13. Bd3 cxd4 14. exd4 d5 15. Bg3 Qc6 16. b3 {½-½ (55) Chaitchits,V-Mikhalev,A (2260) Logrono 1998}) 13. b4 cxd4 14. Qxd4 d5 15. cxd5 e5 16. Qb2 {Hoping for e4.} g5 17. Bf2 {Strongly threatening e4.} Nxd5 18. e4 Nf4 $1 19. g3 Ne6 20. Rd1 Qf6 21. Bh3 Ba6 22. b5 Bb7 23. O-O Rc7 24. Rc1 Rxc1 25. Qxc1 {Threatening Bxe6.} Ndc5 {[%cal Bd7c5,Bc5e6,Be6d4,Bd4c2][%mdl 32]} 26. Be3 Rd8 27. Bxe6 Nxe6 28. Nb3 $2 {[#]} (28. Nc4 $11 {and White stays safe.}) 28... Qe7 $2 (28... Rd3 $19 {is more deadly.} 29. Na1 Qd8) 29. Qc3 ({White should play} 29. Kf2) 29... Qd7 30. Qb4 Qd3 31. Re1 Bc8 32. Nd2 $2 {[%mdl 8192] [#]} (32. Nc1 $17 Qc2 33. Ne2) 32... Nd4 $1 $19 33. Qe7 Nc2 34. Bxg5 hxg5 35. Qxg5+ Kf8 36. Qh6+ Ke7 37. Qg5+ f6 38. Qg7+ Ke6 39. Rd1 Qe2 40. Qg4+ Kf7 {Precision: White = 17%, Black = 51%.} 0-1

[Event "Ciutat Barcelona CAT-ARG 2018"]
[Site "Barcelona"]
[Date "2018.10.14"]
[Round "11"]
[White "Perez Ponsa, Federico"]
[Black "Alonso Rosell, Alvar"]
[Result "1/2-1/2"]
[WhiteElo "2554"]
[BlackElo "2526"]
[Annotator "ChessBase"]
[PlyCount "99"]
[EventDate "2018.10.08"]
[EventCountry "ESP"]
[SourceTitle "playchess.com"]
[Source "ChessBase"]
[SourceQuality "1"]
[TimeControl "900+5"]

1. e4 {[%emt 0:00:00]} e5 {[%emt 0:00:00]} 2. Nf3 {[%emt 0:00:00]} Nc6 {[%emt 0:00:00]} 3. Nc3 {[%emt 0:00:03]} Nf6 {[%emt 0:00:19]} 4. Bb5 {[%emt 0:00:02]} Bd6 {[%emt 0:00:44]} 5. d3 {[%emt 0:00:15]} a6 {[%emt 0:01:47]} 6. Ba4 {[%emt 0:00:14]} O-O 7. a3 b5 {[%emt 0:01:59]} 8. Bb3 {[%emt 0:00:15]} Be7 {[%emt 0:00:17]} 9. O-O {[%emt 0:01:53]} d6 10. Nd5 {[%emt 0:01:46]} Nxd5 {[%emt 0:00:16]} 11. Bxd5 {[%emt 0:00:02]} Bd7 12. Be3 {[%emt 0:01:28]} Rb8 {[%emt 0:00:46]} 13. b4 {[%emt 0:00:04]} Bf6 {[%emt 0:00:22]} 14. c3 {[%emt 0:00:48]} Qe8 {[%emt 0:01:29]} 15. a4 bxa4 16. Rxa4 {[%emt 0:00:52]} Ne7 {[%emt 0:01:35]} 17. Rxa6 {[%emt 0:00:21]} Nxd5 {[%emt 0:02:01]} 18. exd5 Bb5 {[%emt 0:02:37]} 19. Ra7 {[%emt 0:00:07]} e4 {[%emt 0:00:03]} 20. Nd4 {[%emt 0:00:01]} Bxd3 {[%emt 0:00:03]} 21. Re1 {[%emt 0:00:03]} Rc8 22. Qd2 {[%emt 0:01:18]} Bxd4 {[%emt 0:01:31]} 23. Bxd4 f6 {[%emt 0:00:13]} 24. Qf4 {[%emt 0:01:12]} Qf7 {[%emt 0:00:11]} 25. Ra5 {[%emt 0:01:04]} Ra8 26. Rea1 Qxd5 {[%emt 0:00:10]} 27. h4 {[%emt 0:00:06]} Rxa5 {[%emt 0:00:14]} 28. Rxa5 Qc4 {[%emt 0:00:19]} 29. h5 {[%emt 0:00:12]} h6 {[%emt 0:00:04]} 30. Ra7 {[%emt 0:00:12]} Qc6 {[%emt 0:00:11]} 31. Qg4 {[%emt 0:00:12]} Bc4 {[%emt 0:00:05]} 32. Qf5 {[%emt 0:00:38]} Bf7 33. b5 {[%emt 0:00:40]} Qc4 {[%emt 0:00:17]} 34. Qd7 {[%emt 0:00:02]} Qd3 {[%emt 0:00:11]} 35. Qg4 {[%emt 0:00:35]} Qb1+ {[%emt 0:00:02]} 36. Kh2 {[%emt 0:00:03]} Qxb5 37. Rxc7 {[%emt 0:00:33]} Qxh5+ {[%emt 0:00:09]} 38. Qxh5 {[%emt 0:00:02]} Bxh5 {[%emt 0:00:01]} 39. Rd7 {[%emt 0:00:01]} Rc8 {[%emt 0:00:12]} 40. Rxd6 {[%emt 0:00:05]} Bg4 41. Kg3 {[%emt 0:00:08]} h5 {[%emt 0:00:07]} 42. Kf4 {[%emt 0:00:02]} Kf7 {[%emt 0:00:08]} 43. Kxe4 {[%emt 0:00:08]} Be6 44. Rb6 {[%emt 0:00:11]} Rc7 {[%emt 0:00:08]} 45. Rb5 {[%emt 0:00:10]} Bd7 {[%emt 0:00:06]} 46. Rxh5 {[%emt 0:00:12]} Bc6+ {[%emt 0:00:01]} 47. Ke3 {[%emt 0:00:03]} Bxg2 {[%emt 0:00:02]} 48. Ra5 {[%emt 0:00:02]} Bf1 49. Ra7 Rxa7 50. Bxa7 1/2-1/2

[Event "Ciutat Barcelona CAT-ARG 2018"]
[Site "Barcelona"]
[Date "2018.10.14"]
[Round "11"]
[White "Guerra Mendez, Jose Angel"]
[Black "Peralta, Fernando"]
[Result "0-1"]
[WhiteElo "2534"]
[BlackElo "2582"]
[Annotator "TA"]
[PlyCount "70"]
[EventDate "2018.10.08"]
[EventCountry "ESP"]
[SourceTitle "playchess.com"]
[Source "ChessBase"]
[SourceQuality "1"]

{[%evp 23,70,22,18,7,6,0,10,-15,19,6,10,16,6,-34,-22,-22,-9,-15,-8,-14,0,-101,-77,-111,-72,-232,-264,-351,-166,-285,-122,-125,-135,-245,-113,-176,-180,-231,-245,-257,-250,-448,-455,-695,-688,-675,-649,-1012,-716]} 1. e4 d6 2. d4 Nf6 3. Nc3 g6 4. Nf3 Bg7 5. Be2 O-O 6. O-O c6 7. a4 Nbd7 8. a5 Qc7 9. h3 e5 10. dxe5 dxe5 11. Be3 Rd8 12. Nd2 Nf8 {[%cal Bd7f8,Bf8e6,Be6d4][%mdl 32] LiveBook: 3 Games. B08: Pirc Defence: Classical System} 13. Qc1 Ne6 14. Na4 $146 ({Predecessor:} 14. Re1 Nf4 15. Bf1 g5 16. b4 Be6 17. b5 b6 18. axb6 axb6 19. Qb2 c5 20. Rxa8 Rxa8 {1-0 (38) Sevillano,D (2355)-Lorenginis Contreras,J Mar del Plata 1990}) 14... Nd4 {The position is equal.} 15. Bd1 b5 ({Don't play} 15... Qxa5 $6 16. c3 $16) 16. axb6 axb6 17. c3 b5 $1 $36 {[%mdl 2048] Black is pushing.} 18. cxd4 (18. Nc5 $5 {[%cal Ra1a8]} Rxa1 19. Qxa1 $11) 18... exd4 19. Bg5 {Strongly threatening Nc5.} bxa4 20. Bxa4 c5 21. Re1 Bb7 22. Bh4 (22. Nc4 $11) 22... d3 23. Bg3 Qe7 {aiming for ...Bh6.} 24. Ra3 $2 (24. Bh4 $17 Qc7 25. Qd1) 24... Nh5 $19 25. Bh2 {[#]} Qg5 (25... c4 $142 $1 {[%mdl 512]} 26. Nxc4 (26. Qxc4 Bxb2) 26... Rac8) 26. Rd1 {[#]} (26. Bb3 $142) 26... Nf4 (26... Bxe4 $1 $19 {[%mdl 512] has better winning chances.} 27. Nxe4 Qxc1 28. Rxc1 Bxb2 29. Rxd3 Rxd3) 27. Bxf4 $17 Qxf4 28. g3 (28. Bb5 $17) 28... Qh6 (28... Qg5 $19 {is more deadly. Threatens to win with ...Bd4.} 29. Bb5 Rxa3 30. bxa3 Qe5) 29. h4 (29. Qxc5 $17 {was necessary.} Bf8 30. Qc7 Bxa3 31. Bb3) 29... Qh5 $19 {Hoping for ...g5.} 30. Re1 (30. Bb3 $142) 30... Bd4 31. Kg2 Qe5 32. Nf3 $2 (32. Rb3) 32... Bxe4 {Black is clearly winning.} 33. Bc6 (33. Bd1 $142 Qf5 34. Qf4 Qxf4 35. gxf4 Bxb2 36. Rb3 Bxf3+ 37. Bxf3) 33... Bxc6 (33... Rxa3 $2 34. Bxe4 Bxb2 35. Nxe5 $17) 34. Rxe5 Rxa3 35. Re1 Bxf3+ {Precision: White = 20%, Black = 47%.} 0-1